<?xml version="1.0" encoding="UTF-8"?>
<record
    xmlns:xsi="http://www.w3.org/2001/XMLSchema-instance"
    xsi:schemaLocation="http://www.loc.gov/MARC21/slim http://www.loc.gov/standards/marcxml/schema/MARC21slim.xsd"
    xmlns="http://www.loc.gov/MARC21/slim">

  <leader>00803nam a22001697a 4500</leader>
  <controlfield tag="008">101110t        xxu||||| |||| 00| 0 eng d</controlfield>
  <datafield tag="020" ind1=" " ind2=" ">
    <subfield code="a">9948432886</subfield>
  </datafield>
  <datafield tag="082" ind1=" " ind2=" ">
    <subfield code="a">327.538</subfield>
    <subfield code="b">DUR</subfield>
  </datafield>
  <datafield tag="100" ind1=" " ind2=" ">
    <subfield code="9">21113</subfield>
    <subfield code="a">Al-Duraiby, Ibrahim Suleiman</subfield>
  </datafield>
  <datafield tag="245" ind1=" " ind2=" ">
    <subfield code="a">Saudi Arabia, GCC and the EU :</subfield>
    <subfield code="b">Limitations and Possibilities for an Unequal Triangular Relationship /</subfield>
    <subfield code="c">Ibrahim Suleiman Sl-Duraiby</subfield>
  </datafield>
  <datafield tag="260" ind1=" " ind2=" ">
    <subfield code="a">Dubai :</subfield>
    <subfield code="b">Gulf Research Center, 2009</subfield>
    <subfield code="c">2009</subfield>
  </datafield>
  <datafield tag="300" ind1=" " ind2=" ">
    <subfield code="a">249 p. ;</subfield>
    <subfield code="c">25 cm.</subfield>
  </datafield>
  <datafield tag="504" ind1=" " ind2=" ">
    <subfield code="a">Includes bibliographical references p. 229-249</subfield>
  </datafield>
  <datafield tag="651" ind1=" " ind2=" ">
    <subfield code="9">21121</subfield>
    <subfield code="a">Saudi Arabia</subfield>
    <subfield code="x">Foreign relations</subfield>
  </datafield>
  <datafield tag="942" ind1=" " ind2=" ">
    <subfield code="2">ddc</subfield>
    <subfield code="c">BB</subfield>
  </datafield>
  <datafield tag="999" ind1=" " ind2=" ">
    <subfield code="c">14831</subfield>
    <subfield code="d">14831</subfield>
  </datafield>
  <datafield tag="952" ind1=" " ind2=" ">
    <subfield code="0">0</subfield>
    <subfield code="1">0</subfield>
    <subfield code="2">ddc</subfield>
    <subfield code="4">0</subfield>
    <subfield code="7">0</subfield>
    <subfield code="8">Baccah</subfield>
    <subfield code="a">MAIN</subfield>
    <subfield code="b">MAIN</subfield>
    <subfield code="c">1ST</subfield>
    <subfield code="d">2010-11-10</subfield>
    <subfield code="e">purchase</subfield>
    <subfield code="g">350.00</subfield>
    <subfield code="h">11270</subfield>
    <subfield code="l">4</subfield>
    <subfield code="m">8</subfield>
    <subfield code="o">327.538 DUR</subfield>
    <subfield code="p">000022458</subfield>
    <subfield code="r">2025-07-15 00:00:00</subfield>
    <subfield code="s">2017-11-06</subfield>
    <subfield code="y">BB</subfield>
  </datafield>
</record>
